Los errores hacen vulnerable a PEMEX: Cabrera González /

Αποθηκεύτηκε σε:
Λεπτομέρειες βιβλιογραφικής εγγραφής
Κύριος συγγραφέας: Zúñiga, Juan Antonio
Άλλοι συγγραφείς: Cardoso, Víctor
Μορφή: Κείμενο
Έκδοση: México, D.F.: Proyecto Lázaro Cárdenas sobre la Condición Estratégica del Petróleo en el Hemisferio Occidental
Έκδοση:0
Θέματα:
Ετικέτες: Προσθήκη ετικέτας
Δεν υπάρχουν, Καταχωρήστε ετικέτα πρώτοι!

MARC

LEADER 00000 a a2200000 04500
001 18013
003
040
090 |a 024400  
100 |a Zúñiga, Juan Antonio  
245 |a Los errores hacen vulnerable a PEMEX: Cabrera González /  |c Juan Antonio Zúñiga 
250 |a 0  
260 |a México, D.F.:   |b Proyecto Lázaro Cárdenas sobre la Condición Estratégica del Petróleo en el Hemisferio Occidental  
300 |a 2 p.  
500 |a Reimpresión de: PROCESO, semanario de información y análisis   |a n. 240, 8 junio 1981  
650 |a PETROLEO  
650 |a EXTRACCION PETROLERA  
650 |a EXPORTACIONES  
650 |a DEPENDENCIA ECONOMICA  
650 |a ENDEUDAMIENTO  
700 |a Cardoso, Víctor  
999 |c 16947  |d 16947